000
00318nam a22001337a 4500
020
_a
978-1-4052-1977-8
082
_a
823
_b
BLY/T
100
_a
ENID BLYTON
245
_a
THE TWINS AT ST.CLARES'S
260
_a
GREAT BRITAIN
_b
EGMONT
_c
1941
300
_a
182
650
_a
CHILDREN'S STORY BOOK
_z
UNITED KINGDOM
942
_c
BK
999
_c
152
_d
152